Tomboy survival guide /

Bibliographic Details
Main Author: Coyote, Ivan, 1969- (Author)
Corporate Author: EBSCOhost
Format: eBook
Language:English
Published: Vancouver : Arsenal Pulp Press, [2016]
Subjects:
Online Access:Connect to the full text of this electronic book

MARC

Tag First Indicator Second Indicator Subfields
LEADER 00000cam a22000001i 4500
001 in00004006613
005 20210206063223.0
006 m |o d |
007 cr |n|||||||||
008 180914s2016 bcca o 000 0aeng d
020 |a 9781551526577 (electronic bk.) 
020 |a 1551526573 (electronic bk.) 
020 |z 9781551526560 
020 |z 1551526565 
024 8 |a 99977769342 
035 |a (NhCcYBP)ybp13510613 
040 |a NhCcYBP  |c NhCcYBP  |d UtOrBLW 
043 |a n-cn--- 
050 4 |a HQ77.8.C69  |b A3 2016 
082 0 4 |a 306.76/8092  |2 23 
100 1 |a Coyote, Ivan,  |d 1969-  |e author.  |0 http://id.loc.gov/authorities/names/n2001029640 
245 1 0 |a Tomboy survival guide /  |c Ivan Coyote. 
264 1 |a Vancouver :  |b Arsenal Pulp Press,  |c [2016] 
300 |a 1 online resource. 
336 |a text  |b txt  |2 rdacontent 
337 |a computer  |b c  |2 rdamedia 
338 |a online resource  |b cr  |2 rdacarrier 
588 |a Description based on print version record. 
500 |a Electronic resource. 
600 1 0 |a Coyote, Ivan,  |d 1969-  |0 http://id.loc.gov/authorities/names/n2001029640 
650 0 |a Transgender people  |x Identity.  |0 http://id.loc.gov/authorities/subjects/sh2007005095 
650 0 |a Tomboys  |z Canada  |v Biography. 
655 7 |a Electronic books.  |2 local 
710 2 |a EBSCOhost. 
776 1 |a Coyote, Ivan E. (Ivan Elizabeth), 1969-, author.  |t Tomboy survival guide.  |w (CaOONL)20169043827 
776 1 8 |c Original  |z 9781551526560  |z 1551526565 
856 4 0 |u http://proxy.library.tamu.edu/login?url=http://search.ebscohost.com/login.aspx?direct=true&scope=site&db=nlebk&db=nlabk&AN=1468615  |z Connect to the full text of this electronic book  |t 0 
955 |a YBP purchased EBSCO DDA e-records 
999 f f |s 280ee29f-6744-3ba8-9ce5-ee09794f3654  |i 01c0d7a0-5004-3ba7-a639-83ae944087e7  |t 0 
952 f f |a Texas A&M University  |b College Station  |c Electronic Resources  |d Available Online  |t 0  |e HQ77.8.C69 A3 2016  |h Library of Congress classification 
998 f f |a HQ77.8.C69 A3 2016  |t 0  |l Available Online